Every Neighbourhood in Edmonton, AB - Statistics

General Stats
  • This quiz has been taken 31 times
    30 since last reset
  • The average score is 50 of 409
Answer Stats
Hint Answer % Correct
W Westmount
78%
W Windermere
67%
B Belgravia
56%
B Bonnie Doon
56%
C Cumberland
56%
D Davies Industrial East
56%
D Davies Industrial West
56%
D Dunluce
56%
M Mill Woods Golf Course
56%
M Mill Woods Park
56%
O Oxford
56%
S Strathcona
56%
S Strathcona Industrial Park
56%
S Strathcona Junction
56%
A Albany
44%
A Alberta Avenue
44%
A Allendale
44%
B Beaumaris
44%
B Belvedere
44%
D Downtown
44%
E Eaux Claires
44%
G Griesbach
44%
K Kensington
44%
L Lago Lindo
44%
L Leger
44%
R Rapperswill
44%
A Abbottsfield
33%
A Ambleside
33%
A Anthony Henday
33%
A Anthony Henday Big Lake
33%
A Anthony Henday Castledowns
33%
A Anthony Henday Clareview
33%
A Anthony Henday Energy Park
33%
A Anthony Henday Horse Hill
33%
A Anthony Henday Lake District
33%
A Anthony Henday Mistatim
33%
A Anthony Henday Rampart
33%
A Anthony Henday South
33%
A Anthony Henday South Blackburne
33%
A Anthony Henday South East
33%
A Anthony Henday South West
33%
A Anthony Henday Terwillegar
33%
B Balwin
33%
B Baturyn
33%
B Bearspaw
33%
B Blatchford
33%
B Boyle Street
33%
C Capilano
33%
C Carlisle
33%
C Carlton
33%
C Chappelle
33%
E Ellerslie
33%
E Ellerslie Industrial
33%
E Ermineskin
33%
E Evansdale
33%
F Fraser
33%
G Glengarry
33%
G Glenora
33%
K Keheewin
33%
K Kildare
33%
M McCauley
33%
M McKernan
33%
N Northmount
33%
O Ottewell
33%
R Rampart Industrial
33%
R Rosslyn
33%
S Schonsee
33%
S Summerside
33%
T Tipaskan
33%
U University of Alberta
33%
U University of Alberta Farm
33%
A Allard
22%
A Avonmore
22%
B Blackmud Creek
22%
B Blue Quill
22%
C Cavanagh
22%
C Central McDougall
22%
C Charlesworth
22%
D Delton
22%
D Desrochers
22%
D Duggan
22%
G Garneau
22%
G Gold Bar
22%
G Greenfield
22%
H Haddow
22%
H Heritage Valley
22%
H Highlands
22%
K Keswick
22%
K Kilkenny
22%
K King Edward Park
22%
L Laurel
22%
L Laurier Heights
22%
M Magrath Heights
22%
N North Glenora
22%
P Parkallen
22%
P Parsons Industrial
22%
Q Queen Alexandra
22%
R Ritchie
22%
R Riverdale
22%
R Roper Industrial
22%
R Rossdale
22%
R Royal Gardens
22%
R Rutherford
22%
S Sakaw
22%
S Sherwood
22%
S Silver Berry
22%
S Skyrattler
22%
S South Edmonton Common
22%
S Spruce Avenue
22%
S Steinhauer
22%
S Sweet Grass
22%
T Tamarack
22%
T Terwillegar Towne
22%
T The Orchards at Ellerslie
22%
T Twin Brooks
22%
W Walker
22%
W West Jasper Place
22%
A Alberta Park Industrial
11%
A Alces
11%
A Argyll
11%
A Aspen Gardens
11%
A Athlone
11%
B Baranow
11%
B Beacon Heights
11%
B Beverly Heights
11%
B Blackburne
11%
B Blue Quill Estates
11%
B Brander Gardens
11%
B Brintnell
11%
B Britannia Youngstown
11%
B Brookside
11%
C Caernarvon
11%
C Calder
11%
C Callaghan
11%
C Callingwood North
11%
C Callingwood South
11%
C Cameron Heights
11%
C Canora
11%
C Canossa
11%
C Cashman
11%
C Clareview Town Centre
11%
C Crawford Plains
11%
C Crestwood
11%
C Cromdale
11%
D Daly Grove
11%
D Decoteau
11%
D Dovercourt
11%
E Eastwood
11%
E Edgemont
11%
E Elsinore
11%
F Forest Heights
11%
F Fulton Place
11%
G Grandview Heights
11%
G Granville
11%
G Graydon Hill
11%
G Greenview
11%
H High Park
11%
H High Park Industrial
11%
H Hillview
11%
H Hodgson
11%
H Holyrood
11%
H Hudson
11%
I Inglewood
11%
J Jackson Heights
11%
K Kameyosek
11%
K Killarney
11%
K Kiniski Gardens
11%
L Lambton Industrial
11%
L Lansdowne
11%
L Lauderdale
11%
L Lee Ridge
11%
L Lewis Farms Industrial
11%
L Lorelei
11%
M MacEwan
11%
M Mactaggart
11%
M Malmo Plains
11%
M Maple
11%
M Mayfield
11%
M McQueen
11%
M Meadowlark Park
11%
M Menisa
11%
M Meyokumin
11%
M Minchau
11%
N Newton
11%
O Ogilvie Ridge
11%
O Ozerna
11%
P Paisley
11%
P Parkdale
11%
P Parkview
11%
P Pleasantview
11%
P Pollard Meadows
11%
P Prince Charles
11%
P Prince Rupert
11%
Q Queen Mary Park
11%
Q Quesnell Heights
11%
R Richfield
11%
R Richford
11%
R Rio Terrace
11%
R River Valley Gold Bar
11%
S Satoo
11%
S Secord
11%
S South Terwillegar
11%
S Stillwater
11%
S Strathearn
11%
S Summerlea
11%
T Tawa
11%
T Terra Losa
11%
T The Hamptons
11%
T Thorncliff
11%
W Weinlos
11%
W Westbrook Estates
11%
W Westview Village
11%
W Westwood
11%
W White Industrial
11%
W Wîhkwêntôwin
11%
W Wild Rose
11%
W Winterburn Industrial Area East
11%
W Winterburn Industrial Area West
11%
W Woodcroft
11%
Y Youngstown Industrial
11%
A Aldergrove
0%
A Armstrong Industrial
0%
A Aster
0%
B Bannerman
0%
B Belle Rive
0%
B Bellevue
0%
B Belmead
0%
B Belmont
0%
B Bergman
0%
B Bisset
0%
B Blackmud Creek Ravine
0%
B Bonaventure Industrial
0%
B Breckenridge Greens
0%
B Brown Industrial
0%
B Bulyea Heights
0%
C Calgary Trail North
0%
C Calgary Trail South
0%
C Canon Ridge
0%
C Carleton Square Industrial
0%
C Carter Crest
0%
C Casselman
0%
C Chambery
0%
C Clover Bar Area
0%
C Cloverdale
0%
C Coronet Addition Industrial
0%
C Coronet Industrial
0%
C CPR Irvine
0%
C Crossroads
0%
C Crystallina Nera East
0%
C Crystallina Nera West
0%
C Cy Becker
0%
D Dechene
0%
D Delwood
0%
D Dominion Industrial
0%
D Donsdale
0%
E Eastgate Business Park
0%
E Ebbers
0%
E Edmiston Industrial
0%
E Edmonton Energy and Technology Park
0%
E Edmonton Northlands
0%
E Edmonton Research and Development Park
0%
E Edmonton South Central
0%
E Edmonton South Central East
0%
E Edmonton South East
0%
E Edmonton South West
0%
E Ekota
0%
E Elmwood
0%
E Elmwood Park
0%
E Empire Park
0%
E Evergreen
0%
F Falconer Heights
0%
G Gagnon Estate Industrial
0%
G Gainer Industrial
0%
G Gariepy
0%
G Garside Industrial
0%
G Girard Industrial
0%
G Glastonbury
0%
G Glenridding Heights
0%
G Glenridding Ravine
0%
G Glenwood
0%
G Goodridge Corners
0%
G Gorman
0%
G Grandisle
0%
G Grovenor
0%
H Hagmann Estate Industrial
0%
H Hairsine
0%
H Hawin Park Estate Industrial
0%
H Hawks Ridge
0%
H Hays Ridge
0%
H Hazeldean
0%
H Henderson Estates
0%
H Heritage Valley Town Centre
0%
H Hollick-Kenyon
0%
H Homesteader
0%
H Huff Bremner Estate Industrial
0%
I Idylwylde
0%
I Industrial Heights
0%
J Jamieson Place
0%
J Jasper Park
0%
K Kendal
0%
K Kenilworth
0%
K Kennedale Industrial
0%
K Kernohan
0%
K Kettle Lakes
0%
K Kinglet Gardens
0%
K Kinokamau Plains Area
0%
K Kirkness
0%
K Klarvatten
0%
L La Perle
0%
L Larkspur
0%
L Lendrum Place
0%
L Lymburn
0%
L Lynnwood
0%
M Maple Ridge
0%
M Maple Ridge Industrial
0%
M Marquis
0%
M Matt Berry
0%
M Mattson
0%
M Mayliewan
0%
M McArthur Industrial
0%
M McConachie
0%
M McIntyre Industrial
0%
M McLeod
0%
M McNamara Industrial
0%
M Meltwater
0%
M Meyonohk
0%
M Michaels Park
0%
M Mill Creek Ravine North
0%
M Mill Creek Ravine South
0%
M Miller
0%
M Mill Woods Town Centre
0%
M Mistatim Industrial
0%
M Mitchell Industrial
0%
M Montrose
0%
M Morin Industrial
0%
M Morris Industrial
0%
N Norwester Industrial
0%
O Oleskiw
0%
O Ormsby Place
0%
O Overlanders
0%
P Papaschase Industrial
0%
P Patricia Heights
0%
P Pembina
0%
P Pintail Landing
0%
P Place LaRue
0%
P Potter Greens
0%
P Poundmaker Industrial
0%
P Pylypow Industrial
0%
Q Quarry Ridge
0%
R Ramsay Heights
0%
R Rhatigan Ridge
0%
R Rideau Park
0%
R River's Edge
0%
R River Valley Cameron
0%
R River Valley Capitol Hill
0%
R River Valley Fort Edmonton
0%
R River Valley Glenora
0%
R River Valley Hermitage
0%
R River Valley Highlands
0%
R River Valley Kendal
0%
R River Valley Keswick
0%
R River Valley Kinnaird
0%
R River Valley Laurier
0%
R River Valley Lessard North
0%
R River Valley Mayfair
0%
R River Valley Oleskiw
0%
R River Valley Riverside
0%
R River Valley Rundle
0%
R River Valley Terwillegar
0%
R River Valley Victoria
0%
R River Valley Walterdale
0%
R River Valley Whitemud
0%
R River Valley Windermere
0%
R Rosedale Industrial
0%
R Rosenthal
0%
R Rundle Heights
0%
R Rural North East Horse Hill
0%
R Rural North East South Sturgeon
0%
S Sheffield Industrial
0%
S Sherbrooke
0%
S Sifton Park
0%
S Snowberry
0%
S Southeast Industrial
0%
S Starling
0%
S Stewart Greens
0%
S Stone Industrial
0%
S Suder Greens
0%
S Sunwapta Industrial
0%
T Terrace Heights
0%
T The Uplands
0%
T Trumpeter
0%
T Tweddle Place
0%
V Virginia Park
0%
W Webber Greens
0%
W Wedgewood Heights
0%
W Weir Industrial
0%
W Wellington
0%
W West Meadowlark Park
0%
W Westridge
0%
W West Sheffield Industrial
0%
W White Birch
0%
W Whitemud Creek Ravine North
0%
W Whitemud Creek Ravine South
0%
W Whitemud Creek Ravine Twin Brooks
0%
W Wilson Industrial
0%
W Windsor Park
0%
Y Yellowhead Corridor East
0%
Y Yellowhead Corridor West
0%
Y York
0%
No matching quizzes found
Score Distribution
Percent of People with Each Score
Percentile by Number Answered
Your Score History
You have not taken this quiz since the last reset